| 000 | 00000nam##2200000za#4500 |
| 001 | 9.639908 |
| 003 | CaOODSP |
| 005 | 20210624222415 |
| 007 | cr ||||||||||| |
| 008 | 150407|1990||||xxc|||||o f|0| 0 fre|d |
| 040 | |aCaOODSP|bfre |
| 043 | |an-cn--- |
| 086 | 1 |aH42-2/43-1990F-PDF |
| 110 | 1 |aCanada.|bSanté et Bien-être social Canada. |bDirection générale de la protection de la santé. |
| 245 | 10|aAttitudes, perceptions et comportements liés à la consommation de médicaments d'ordonnance : |h[ressource électronique]|bun rapport de recherche présenté au ministère de la Santé nationale et Bien-être social / |cpar Decima Research. |
| 260 | |aOttawa - Ontario : |bSanté et Bien-être social Canada. |cc1990. |
| 300 | |a55p.|bgraphiques, tableaux |
| 500 | |aLe nº de catalogue (H42-2/43-1990) et l'ISBN (0-662-57888-0) de l'éditioon imprimée bilingue ont été incorrectement copiés dans cette publication électronique. |
| 590 | |a12-17-Supp|b2012-04-20 |
| 691 | 07|aMédicament|2gcpds |
| 691 | 07|aÉthique|2gcpds |
| 710 | 2 |aDecima Research. |
| 775 | 08|tAttitudes, perceptions and behaviour relating to ethical medicines : |w(CaOODSP)9.695816 |
| 776 | 0#|tAttitudes, perceptions and behaviour relating to ethical medicines : |w(CaOODSP)9.654661 |
| 776 | 0#|tAttitudes, perceptions et comportements liés à la consommation de médicaments d'ordonnance : |w(CaOODSP)9.654662 |
| 856 | 40|ahttp://publications.gc.ca|qPDF|s305 Ko|uhttps://publications.gc.ca/collections/Collection/H42-2-43-1990F.pdf |